00656nam a2200217Ia 4500001001000000003000500010008004100015010001100056040000900067082001400076100002300090245010000113250001800213260002900231300000800260650004500268650003300313650004600346700002200392700002400414Para_5581CHAP220125s1998 xx 000 0 und d a204048 cCHAP aPA 630 H3 aHardaker, J. Brian aCoping with risk in agriculture /c by J. Brian Hardaker, Ruud B.M. Huirne and Jock R. Anderson areimp., corr. aOxon :b CABI Publishing a274 aAgricultura x métodos estadísticos  aAgricultura x planeación  aAgricultura x simulación, métodos de aAnderson, Jock R. aHuirne, Ruud B.M.